Pichi pichi pitch - Ashita ga Mienakute (chanson de Mikaru) - Statistiques

Statistiques générales
  • Ce quiz a été pris 10 fois
  • Le résultat moyen est 58 sur 103
Statistiques - réponses
Réponse % Correct
à
100%
Je
83%
je
83%
en
67%
fenêtre,
67%
froid
67%
j'ai
67%
67%
la
67%
La
67%
me
67%
mon
67%
par
67%
sens
67%
seule,
67%
seule
67%
si
67%
amoureux,
50%
au
50%
aucune
50%
bord
50%
cette
50%
cher.
50%
cherche
50%
coeur,
50%
comme
50%
d'amis
50%
dans
50%
de
50%
encore,
50%
et
50%
être
50%
grand
50%
hante,
50%
heureux.
50%
infinie.
50%
joie.
50%
jours
50%
le
50%
lointain.
50%
l'oubli.
50%
mais
50%
mer.
50%
n'ai
50%
ne
50%
nos
50%
nous
50%
pensée
50%
pluie
50%
plus
50%
près
50%
que
50%
Que
50%
ressens
50%
reviennes,
50%
revois,
50%
souviens
50%
te
50%
t'espère
50%
toi.
50%
tombe
50%
tous
50%
tristesse
50%
tu
50%
un
50%
Une
50%
vain.
50%
vide,
50%
voeu
50%
voilà
50%
deux.
33%
l'on
33%
soit
33%
tellement
33%
toujours
33%
voudrais
33%
Aucun quiz correspondant
Distribution des résultats
% des personnes avec chaque résultat
Percentile par nombre de réponses
Votre historique - résultats
Vous n’avez pas pris ce quiz